000 00838cab a2200265 4500
001 ABS57336
008 090401t1997 xxu||||| |||| 00| 0 eng d
035 _a(Sirsi) u79483
041 _aeng
100 _aPheng, L.S.
245 _aConservation and the Chinatown pilot project in Singapore
260 _c1997
350 _a0
490 _aProperty Management
_v15(2) 1997, 117-125(9)
520 _aHighlights the operations involved as well as the management approach adopted to overcome some of the difficulties encountered in the conservation project. References.
650 _aBUILDING CONSERVATION
650 _aCONSERVATION
650 _aPROJECT PLANNING
650 _aSINGAPORE
650 _aURBAN PLANNING
690 _aOVERSEAS-REST OF THE WORLD
700 _aWong, S S Y
942 _n0
948 _c08/07/1997
999 _c49975
_d49975